| 000 | 00410nam a22001697a 4500 | ||
|---|---|---|---|
| 003 | OSt | ||
| 005 | 20220217092227.0 | ||
| 008 | 220217b |||||||| |||| 00| 0 eng d | ||
| 020 | _a0324014155 | ||
| 040 | _cHU | ||
| 082 | _a658.45 | ||
| 100 |
_aO.'HAIR.H,DAN _930731 |
||
| 245 | _aBUSINESS COMMUNICATION aframework for success | ||
| 260 |
_aAmerica _bNewyork _c2001 |
||
| 300 | _a664 | ||
| 942 |
_2ddc _cBOOKS _n0 |
||
| 999 |
_c30657 _d30657 |
||